banner

América Latina y su nueva economía del conocimiento: (Registro nro. 510)

000 -LEADER
fixed length control field 02084nam a2200241 a 4500
003 - CONTROL NUMBER IDENTIFIER
control field AR-BaISA
005 - DATE AND TIME OF LATEST TRANSACTION
control field 20240416112110.0
007 - PHYSICAL DESCRIPTION FIXED FIELD--GENERAL INFORMATION
fixed length control field ta
008 - FIXED-LENGTH DATA ELEMENTS--GENERAL INFORMATION
fixed length control field 180816s2014 ag ||||| |||| 00| 0 spa d
020 ## - INTERNATIONAL STANDARD BOOK NUMBER
International Standard Book Number 9789871716975
040 ## - CATALOGING SOURCE
Transcribing agency AR-BaISA
082 04 - DEWEY DECIMAL CLASSIFICATION NUMBER
Edition number 22
Classification number 379.8 B183
245 10 - TITLE STATEMENT
Title América Latina y su nueva economía del conocimiento:
Remainder of title educación superior, gobierno y colaboración internacional /
Statement of responsibility, etc. Editado por Jorge Balán
260 ## - PUBLICATION, DISTRIBUTION, ETC.
Place of publication, distribution, etc. Buenos Aires:
Name of publisher, distributor, etc. Universidad de Palermo,
Date of publication, distribution, etc. 2014
300 ## - PHYSICAL DESCRIPTION
Extent 260 p.
490 1# - SERIES STATEMENT
Serie Educación superior
Volume/sequential designation ; 27
504 ## - BIBLIOGRAPHY, ETC. NOTE
Bibliography, etc. note Bibliografía al final de cada capítulo
505 ## - FORMATTED CONTENTS NOTE
Title Gobierno y autonomía universitaria --
-- Formación de académicos, profesionales y técnicos para la economía del conocimiento en el siglo XXI: el papel de la educación superior en América Latina --
-- Construcción de economías basadas en el conocimiento en América Latina: el rol de los programas de becas nacionales destinadas a estudios en el extranjero --
-- Derribando las barreras sociales: políticas de equidad e inclusión implementadas en educación superior en América Latina --
-- Tendencias en las movilidades estudiantil y académica en América Latina: de la fuga a la ganancia de cerebros --
-- Acuerdos de cooperación y sedes internacionales: los nuevos roles de universidades estadounidenses en la educación superior de América Latina --
-- En camino al objetivo de los 100.000 estudiantes de intercambio: intercambios académicos en el hemisferio occidental --
-- Investigación académica y capacitación avanzada: desarrollo de universidades de investigación en Brasil --
-- Programa ciencias sin fronteras, Brasil: promoción de la innovación, de la competitividad y del liderazgo empresarial --
-- Ampliar las oportunidades de educación superior en América Latina y el caribe: el rol del IIE y su trabajo en la región
650 14 - SUBJECT ADDED ENTRY--TOPICAL TERM
9 (RLIN) 204
Topical term or geographic name entry element Educación superior
General subdivision política educacional
Chronological subdivision América Latina
700 1# - ADDED ENTRY--PERSONAL NAME
9 (RLIN) 1262
Personal name Balán, Jorge
Relator term ed.
830 #0 - SERIES ADDED ENTRY--UNIFORM TITLE
Uniform title Educación superior (Universidad de Palermo)
Volume/sequential designation 27
9 (RLIN) 328
942 ## - ADDED ENTRY ELEMENTS (KOHA)
Source of classification or shelving scheme
Koha item type Libros
Existencias
Withdrawn status Lost status Source of classification or shelving scheme Damaged status Not for loan Permanent Location Current Location Date acquired Inventory number Full call number Barcode Date last seen Price effective from Koha item type
          Biblioteca ISALUD. Dr. Néstor Rodríguez Campoamor Biblioteca ISALUD. Dr. Néstor Rodríguez Campoamor 2019-03-25 3789 379.8 B183 3789 2019-03-25 2019-03-25 Libros